=LDR 00000nam 2200000 4500 =001 INLIS000000000011033 =005 20130612102634 =008 ***********************************Ind** =035 ##$$0010-061300000011033 =041 ##$$a Ind =082 ##$$a 66.9 =090 ##$$a 669., Har-k =100 ##$$a Hartomo, Anton J =245 ##$$a Komposit Metal, Anton J. Hartono =260 ##$$a 1992 $b Yogyakarta =300 ##$$a xiv, 140 hlm, ilus, 21 cm =650 ##$$a Metalargi =650 ##$$a kompleks =850 ##$$a NBPNMAT